The Waves
| Autor Principal: | |
|---|---|
| Summary: | Книга находится в премиум-версии платформы «Русский как иностранный». Adeline Virginia Woolf (1882–1941) was an English writer and literary critic, the leading figure of the modernist literature of the first half of the twentieth century. She also was part of a group of English intellectuals, writers, and artists, graduates of Cambridge, called the Bloomsbury group. The novel «The Waves» considered by many as a masterpiece. In a poetic form of soliloquies, it tells the stories of six children, Bernard, Susan, Rhoda, Neville, Jinny, and Louis, from infancy to death. They all unite around the figure of a seventh character, Percival, who never speaks in his voice. Allusive and mysterious, this novel explores the concepts of individuality and community. |
| Publicado: |
Москва, Т8 Издательские технологии, RUGRAM, 2018
|
| Subjects: | |
| Acceso en liña: | Перейти к просмотру издания |
| Formato: | Electrónico |
MARC
| LEADER | 00000 a2200000 4500 | ||
|---|---|---|---|
| 001 | RU/ROS-EDU.RU/129035 | ||
| 856 | 4 | |u https://www.ros-edu.ru/book?id=129035 |z Перейти к просмотру издания | |
| 010 | |a 978-5-521-07852-3 | ||
| 100 | |a 20180101d2018 |||y0rusy0250 | ||
| 105 | |a y z 000zy | ||
| 101 | 0 | |a rus | |
| 102 | |a RU | ||
| 200 | 1 | |a The Waves |b Электронный ресурс |f V. Woolf | |
| 700 | 1 | |b V. |a Woolf |4 070 | |
| 330 | |a Adeline Virginia Woolf (1882–1941) was an English writer and literary critic, the leading figure of the modernist literature of the first half of the twentieth century. She also was part of a group of English intellectuals, writers, and artists, graduates of Cambridge, called the Bloomsbury group. The novel «The Waves» considered by many as a masterpiece. In a poetic form of soliloquies, it tells the stories of six children, Bernard, Susan, Rhoda, Neville, Jinny, and Louis, from infancy to death. They all unite around the figure of a seventh character, Percival, who never speaks in his voice. Allusive and mysterious, this novel explores the concepts of individuality and community. | ||
| 210 | |a Москва |c Т8 Издательские технологии, RUGRAM |d 2018 | ||
| 610 | 1 | |a художественная литература | |
| 610 | 1 | |a английский язык | |
| 610 | 1 | |a зарубежная проза | |
| 610 | 1 | |a классика | |
| 675 | |a 82 | ||
| 686 | |a 84 |2 rubbk | ||
| 300 | |a Книга находится в премиум-версии платформы «Русский как иностранный». | ||
| 215 | |a 254 с. | ||